Countries That Consume The Most Milk - Statistics

General Stats
  • This quiz has been taken 49 times
  • The average score is 6 of 10
Answer Stats
kg Answer % Correct
355.86 Sweden
91%
361.19 Finland
89%
295.62 Denmark
82%
320.15 Netherlands
80%
315.78 Switzerland
73%
314.69 Greece
44%
273.87 Lithuania
44%
266.19 Romania
38%
281.17 Albania
33%
305.87 Montenegro
24%
No matching quizzes found
Score Distribution
Percent of People with Each Score
Percentile by Number Answered
Your Score History
You have not taken this quiz